000 00504nam a2200181Ia 4500
005 20250326124103.0
008 250326s9999 xx 000 0 und d
037 _aTextbook
040 _aFMSL
_beng
_cFMSL
041 _aeng
_2eng
084 _aX:5.1 K8
_qFMSL
100 _aCaes R E
_9736737
245 0 _aReadings in international economics
_cCaes R E; Johnson H G
260 _aUSA
_bUSA, Richard D Irwin
_c1968
300 _a604p
942 _cTB
_hX:5.1 K8
999 _c1272223
_d1272223